000
00316nam a22001457a 4500
003
macl
005
20170107131019.0
008
170107b xxu||||| |||| 00| 0 eng d
040
_c
macl
082
_a
510
100
_a
NECRT
_9
66421
245
_a
Mathematics
_b
class X
650
_a
maths
_9
66423
942
_2
ddc
_c
BK
999
_c
55748
_d
55748